Statistics for Countries Without P-E-R-U

Click here to take the quiz!

General Stats

  • This quiz has been taken 20 times
    (14 since last reset)
  • The average score is 29 of 47

Answer Stats

Answer% Correct
India
91%
Kosovo
91%
Canada
82%
Fiji
82%
Latvia
82%
Samoa
82%
Togo
82%
Tonga
82%
Bahamas
73%
Botswana
73%
Cambodia
73%
China
73%
Colombia
73%
Finland
73%
Italy
73%
Malaysia
73%
Oman
73%
Vatican City
73%
Afghanistan
64%
Albania
64%
Dominica
64%
Haiti
64%
Laos
64%
Libya
64%
Monaco
64%
Angola
55%
Bolivia
55%
Chad
55%
Gambia
55%
Ghana
55%
Kazakhstan
55%
Malawi
55%
Mali
55%
Moldova
55%
Namibia
55%
Slovakia
55%
Taiwan
55%
Tajikistan
55%
Zambia
55%
Gabon
45%
Jamaica
45%
Solomon Islands
45%
Tanzania
45%
Thailand
45%
Malta
36%
Somalia
36%
Mongolia
27%

Score Distribution

Percentile by Number Answered

Percent of People with Each Score

Your Score History

You have not taken this quiz since the last reset